騎士

資料類型: Book 圖書   書目號:47139

Leader xxxxxxxxxx
001 __ PCLIS00047139
005 __ 20220216174624.0
010 0_ |a978-986-5896-48-5|b平裝|dNT$260
042 __ |anbic
100 __ |a20140616d2013    m  y0chiy09      e
101 0_ |achi
102 __ |atw
105 __ |aa   z   000ay
200 1_ |a騎士|dRyder|zeng|f羅浥薇薇著
205 __ |a初版
210 __ |a臺北市|c寶瓶文化出版|a臺北縣五股工業區|c大和書報圖書總經銷|d2013[民102]
215 0_ |a219面|c|d21公分
225 2_ |aIsland|v210
314 __ |a著者本名羅浥薇
410 _0 |12001 |aIsland|v210
510 1_ |aRyder|zeng
606 __ |2cst|a長篇小說
681 __ |a857.7|b8548
681 __ |a857.7|b8548|v2007年版
700 _0 |a羅浥薇薇|4801 _0 |atw|b內湖高中|c20140616|gCCR
詳細館藏 1-2 筆 (共 2 筆)
索 書 號登 錄 號冊次號館別 / 館藏地流通類型狀態加入預約清單電子資源
857.7 / 8548 1021531  圖書館 / 一樓普通區 可外借30天 在館   
857.7 / 8548 1022864  圖書館 / 一樓普通區 可外借30天 在館   

| 條列資料




目錄查詢 分類查詢 個人資料 圖書薦購 新書查詢 閉館日 排行榜 更多電子資源 Hami書城 線上資料庫 登出

From : 216.73.217.52

  本日流通累計至 03:18:24 借閱 : 0 次 續借 : 0 次 歸還 : 0 次 預約 : 0 次 電子資源 : 0 次


內湖高中圖書館  PCLIS 版本  26.5.0.12